[Event "9th Sunway Sitges 2022"]
[Site "Sitges ESP"]
[Date "2022.12.13"]
[Round "2.49"]
[White "Boyer, Mahel"]
[Black "Vaibhav, Jayant Raut"]
[Result "0-1"]
[WhiteTitle "IM"]
[BlackTitle "CM"]
[WhiteElo "2434"]
[BlackElo "2247"]
[WhiteFideId "45102422"]
[BlackFideId "5089034"]
[EventDate "2022.12.12"]

1. e4 c5 2. Nf3 e6 3. d4 cxd4 4. Nxd4 Nf6 5. Nc3 Nc6 6. g3 d5 7. exd5 exd5 8.
Bg2 Bg4 9. Qd3 Bc5 10. Nb3 Qe7+ 11. Be3 Bxe3 12. Qxe3 Qxe3+ 13. fxe3 O-O-O 14.
h3 Bf5 15. O-O-O Rhe8 16. g4 Bg6 17. Rhe1 Re5 18. Nd4 Rde8 19. Ndb5 Rd8 20. Nd4
Rde8 21. Ncb5 Rd8 22. Nf3 Re7 23. Nc3 Nb4 24. Nd4 Nc6 25. Nb3 Nb4 26. Re2 Ne4
27. Bxe4 Bxe4 28. Rf2 Bxc2 29. Rxc2 Nxc2 30. Kxc2 Rxe3 31. Rd3 Rxd3 32. Kxd3 Rd6
33. Ne2 Rf6 34. Nbd4 Rf2 35. h4 Rg2 36. g5 h6 37. gxh6 gxh6 38. Nf5 h5 39. a4
Rh2 40. b3 Kd7 41. Nf4 Rb2 42. Nd4 Kd6 43. Ke3 Rb1 44. Nxh5 Kc5 45. Nf4 Re1+ 46.
Nfe2 Rh1 47. Nf3 b5 48. a5 Kb4 49. a6 Ka5 50. Ng3 Rc1 51. h5 Kxa6 52. h6 Rc8 53.
Ne5 Rh8 54. Nf5 Ka5 55. Nd3 Kb6 56. Kd4 a5 57. Nf4 b4 58. Nxd5+ Kb5 59. Nd6+ Kc6
60. Nxf7 0-1

[Event "9th Sunway Sitges 2022"]
[Site "Sitges ESP"]
[Date "2022.12.13"]
[Round "2.50"]
[White "Rakshitta, Ravi"]
[Black "Bulmaga, Irina"]
[Result "1/2-1/2"]
[WhiteTitle "WIM"]
[BlackTitle "IM"]
[WhiteElo "2242"]
[BlackElo "2432"]
[WhiteFideId "25073230"]
[BlackFideId "13903063"]
[EventDate "2022.12.12"]

1. e4 c5 2. Nf3 d6 3. d4 cxd4 4. Nxd4 Nf6 5. Nc3 a6 6. a3 e5 7. Nf5 Bxf5 8. exf5
d5 9. Bg5 d4 10. Bxf6 Qxf6 11. Nd5 Qd6 12. Bc4 Nd7 13. O-O Rc8 14. Ba2 Nf6 15.
Nxf6+ Qxf6 16. Qf3 Bd6 17. Qxb7 O-O 18. Qe4 g6 19. fxg6 hxg6 20. Rad1 Kg7 21.
Rd3 Qe7 22. Rh3 f5 23. Qd3 Rh8 24. Rxh8 Rxh8 25. Qc4 e4 26. g3 Qe5 27. Re1 a5
28. a4 Rf8 29. Qe6 Qxe6 30. Bxe6 Kf6 31. Bc4 Rb8 32. b3 Bb4 33. Rd1 Bc3 34. Kg2
Ke5 35. f3 e3 36. f4+ Kd6 37. Kf3 Kc5 38. Ke2 Kb4 39. h4 Bd2 40. Kd3 Re8 41. Rg1
Ka3 42. Rh1 Re7 43. Rg1 Bb4 44. Ke2 Kb2 45. Kd1 Kc3 46. Rg2 Bd6 47. Bd3 Kb2 48.
Bc4 Rc7 49. Bd3 Rc8 50. Rh2 Rc7 51. Rg2 Rc8 1/2-1/2

[Event "9th Sunway Sitges 2022"]
[Site "Sitges ESP"]
[Date "2022.12.13"]
[Round "2.51"]
[White "Ajay, Karthikeyan"]
[Black "Frederic, Clement"]
[Result "1-0"]
[WhiteTitle "IM"]
[WhiteElo "2430"]
[BlackElo "2245"]
[WhiteFideId "35011685"]
[BlackFideId "637319"]
[EventDate "2022.12.12"]

1. e4 e6 2. d4 d5 3. Nd2 Nf6 4. e5 Nfd7 5. Bd3 c5 6. c3 Nc6 7. Ne2 cxd4 8. cxd4
f6 9. exf6 Nxf6 10. O-O Bd6 11. Nf3 Qc7 12. Bg5 O-O 13. Bh4 Nh5 14. Rc1 g6 15.
Bg3 Nxg3 16. hxg3 a6 17. a3 Qg7 18. Bb1 Bd7 19. Qd2 h6 20. Nf4 g5 21. Nh5 Qe7
22. Qd3 Be8 23. g4 Bxh5 24. gxh5 Qg7 25. Rcd1 Rf6 26. g3 Re8 27. Nh2 Bb8 28. Ng4
Rf5 29. Rfe1 Rff8 30. Qg6 Qxg6 31. Bxg6 Re7 32. Nxh6+ Kg7 33. Ng4 Ba7 34. Kg2
Bxd4 35. Re2 e5 36. Bb1 Rd7 37. Ba2 Rd6 38. Rh1 Kh7 39. Bb1+ e4 40. Rd1 Rfd8 41.
Red2 Ne5 42. Rxd4 Nxg4 43. Rxd5 Rxd5 44. Rxd5 Rxd5 45. Bxe4+ Kh6 46. Bxd5 b6 47.
Bc4 a5 48. Be2 Nf6 49. g4 Kg7 50. f4 1-0

[Event "9th Sunway Sitges 2022"]
[Site "Sitges ESP"]
[Date "2022.12.13"]
[Round "2.52"]
[White "Lye, Lik Zang"]
[Black "Sammed Jaykumar, Shete"]
[Result "1/2-1/2"]
[WhiteTitle "FM"]
[BlackTitle "IM"]
[WhiteElo "2241"]
[BlackElo "2430"]
[WhiteFideId "5712181"]
[BlackFideId "5073421"]
[EventDate "2022.12.12"]

1. d4 Nf6 2. c4 e6 3. Nc3 Bb4 4. f3 c5 5. d5 b5 6. e4 d6 7. a3 Ba5 8. Bd3 exd5
9. cxd5 a6 10. Ne2 Nbd7 11. O-O Ne5 12. Bc2 Bb6 13. Kh1 Nh5 14. g4 Nf6 15. Qe1
c4 16. Ng3 h5 17. g5 h4 18. Nf5 Nh5 19. f4 Nd3 20. Bxd3 cxd3 21. Be3 Bxf5 22.
exf5 Kd7 23. Rf3 Qc7 24. Rc1 Qa7 25. Bxb6 Qxb6 26. Qxh4 Qd4 27. Rd1 Nf6 28. Qg3
Ne4 29. Nxe4 Qxe4 30. Rxd3 Rac8 31. Rc3 Qxd5 32. f6 gxf6 33. gxf6 Rce8 34. Qg1
Re4 35. Qg4+ Re6 36. Qg1 Qa8 37. Qb6 Rc8 38. Qf2 Rce8 39. Rc1 Re2 40. Qg3 Rxb2
41. Qg4+ Re6 42. Kg1 Qh8 43. h3 Qxf6 44. Rfc3 Qg6 45. Rc7+ Ke8 46. f5 Qxg4+ 47.
hxg4 Re4 48. f6 Rxg4+ 49. Kh1 Re4 50. Ra7 Kf8 51. Rc8+ Re8 52. Raa8 Re2 53.
Rxe8+ Rxe8 54. Rxa6 Rd8 55. Rb6 Ke8 56. Rb7 Ra8 57. Re7+ Kf8 58. Rd7 Kg8 59.
Rxd6 Rxa3 60. Rb6 Rb3 61. Rb7 Rb2 62. Kg1 b4 63. Kf1 b3 64. Kg1 Rb1+ 65. Kf2
Rb2+ 66. Kf1 Kh7 67. Rxf7+ Kg6 68. Rb7 Rb1+ 69. Ke2 Kxf6 70. Kd2 Ke5 71. Kc3 1/2-1/2

[Event "9th Sunway Sitges 2022"]
[Site "Sitges ESP"]
[Date "2022.12.13"]
[Round "2.53"]
[White "Fataliyeva, Ulviyya"]
[Black "Lever, Erwan"]
[Result "1-0"]
[WhiteTitle "IM"]
[WhiteElo "2428"]
[BlackElo "2241"]
[WhiteFideId "13403052"]
[BlackFideId "20640099"]
[EventDate "2022.12.12"]

1. d4 Nf6 2. Nc3 d5 3. Bf4 a6 4. e3 e6 5. Nf3 c5 6. Be2 b5 7. Nb1 Be7 8. dxc5
Bxc5 9. a4 b4 10. Nbd2 O-O 11. O-O Bb7 12. c4 Nc6 13. Rc1 Bd6 14. cxd5 Nxd5 15.
Bxd6 Qxd6 16. Ne4 Qe7 17. Bd3 Rfd8 18. Qe2 Na5 19. Nc5 Nc3 20. bxc3 Qxc5 21.
cxb4 Qxb4 22. Ne5 g6 23. Rfd1 Rac8 24. Rb1 Qc3 25. f4 Nb3 26. Bc4 Nc5 27. Rdc1
Qd2 28. Qxd2 Rxd2 29. Bf1 Ne4 30. Rxc8+ Bxc8 31. Rb8 Rc2 32. Nc4 Kg7 33. Rxc8
Nd2 34. Nd6 1-0

[Event "9th Sunway Sitges 2022"]
[Site "Sitges ESP"]
[Date "2022.12.13"]
[Round "2.54"]
[White "Rajarishi, Karthi"]
[Black "Vitier Vazquez, Cristian"]
[Result "0-1"]
[WhiteTitle "CM"]
[BlackTitle "FM"]
[WhiteElo "2239"]
[BlackElo "2424"]
[WhiteFideId "5092523"]
[BlackFideId "3513157"]
[EventDate "2022.12.12"]

1. d4 d5 2. c4 c6 3. Nc3 Nf6 4. Nf3 e6 5. cxd5 exd5 6. Bg5 Nbd7 7. e3 h6 8. Bh4
g5 9. Bg3 Nh5 10. Bd3 Nxg3 11. hxg3 Bg7 12. Qc2 Nb6 13. O-O-O Be6 14. e4 g4 15.
Nh4 Bxd4 16. Kb1 Bg7 17. exd5 Nxd5 18. Bf5 Nxc3+ 19. bxc3 Qb6+ 20. Kc1 O-O 21.
Bh7+ Kh8 22. Nf5 Qc5 23. Rh5 Qa3+ 24. Kb1 Rad8 25. Rdh1 Bxc3 26. Rxh6 Qb4+ 27.
Qb3 Qe4+ 28. Qc2 Bxa2+ 29. Kc1 Bd2+ 30. Kb2 Qxc2+ 31. Kxc2 Bxh6 32. Rxh6 Rfe8 0-1

[Event "9th Sunway Sitges 2022"]
[Site "Sitges ESP"]
[Date "2022.12.13"]
[Round "2.55"]
[White "Saydaliev, Saidakbar"]
[Black "Arjun, C Krishnamachari"]
[Result "1/2-1/2"]
[WhiteTitle "FM"]
[WhiteElo "2419"]
[BlackElo "2241"]
[WhiteFideId "14203693"]
[BlackFideId "46653252"]
[EventDate "2022.12.12"]

1. e4 c6 2. Nc3 d5 3. Nf3 dxe4 4. Nxe4 Nf6 5. Qe2 e6 6. Nxf6+ Qxf6 7. d4 h6 8.
Bd2 Bd6 9. O-O-O Bf4 10. g4 Bxd2+ 11. Rxd2 Qf4 12. Rg1 Nd7 13. Qe3 Qxe3 14. fxe3
b6 15. g5 hxg5 16. Nxg5 Ke7 17. Rf2 f6 18. Nf3 g5 19. e4 c5 20. e5 Rf8 21. Rd2
fxe5 22. Nxe5 Nxe5 23. dxe5 Rf5 24. Bg2 Rb8 25. Rgd1 Rxe5 26. Rd8 Rd5 27. R1xd5
exd5 28. Rg8 Kd6 29. Kd2 d4 30. c3 dxc3+ 31. Kxc3 g4 32. Bf1 Kc7 33. Be2 Be6 34.
Rg7+ Kd6 35. Bxg4 Bxg4 36. Rxg4 b5 37. h4 Rf8 38. Rg3 Rh8 39. Rh3 Rh5 1/2-1/2

[Event "9th Sunway Sitges 2022"]
[Site "Sitges ESP"]
[Date "2022.12.13"]
[Round "2.56"]
[White "Gulatz, Maurice"]
[Black "Roberson, Peter T"]
[Result "0-1"]
[WhiteTitle "CM"]
[BlackTitle "IM"]
[WhiteElo "2227"]
[BlackElo "2418"]
[WhiteFideId "24642746"]
[BlackFideId "412384"]
[EventDate "2022.12.12"]

1. d4 d5 2. c4 c6 3. Nf3 Nf6 4. Nc3 e6 5. Bg5 Nbd7 6. e3 Qa5 7. cxd5 Nxd5 8. Qd2
Bb4 9. Rc1 Nxc3 10. bxc3 Ba3 11. Rb1 b6 12. Bd3 Ba6 13. O-O h6 14. Bh4 O-O 15.
Rfd1 Bxd3 16. Qxd3 Rfe8 17. c4 Bf8 18. a4 e5 19. Qf5 Re6 20. d5 cxd5 21. cxd5
Rd6 22. Nxe5 Nxe5 23. Qxe5 Qxa4 24. Bg3 Rd7 25. Rd4 Qc2 26. Rbd1 Rad8 27. Qh5
Bc5 28. R4d2 Qe4 29. Qh4 Qxh4 30. Bxh4 g5 31. Bg3 f5 32. Be5 Kf7 33. h4 a5 34.
hxg5 hxg5 35. g4 fxg4 36. Kg2 Kg6 37. e4 Re8 38. Bd4 Rxe4 39. Bxc5 bxc5 40. Rc2
Rd4 41. Rdc1 R4xd5 42. Rxc5 Rxc5 43. Rxc5 Ra7 44. Rc3 a4 45. Ra3 Kf5 46. Kg3 Ra8
47. Kg2 Ke4 48. Kg3 Kd4 49. Kxg4 Kc4 50. Re3 a3 0-1

[Event "9th Sunway Sitges 2022"]
[Site "Sitges ESP"]
[Date "2022.12.13"]
[Round "2.57"]
[White "Krastev, Alexander"]
[Black "Mannion, Stephen R"]
[Result "1-0"]
[WhiteTitle "IM"]
[BlackTitle "IM"]
[WhiteElo "2416"]
[BlackElo "2233"]
[WhiteFideId "12989983"]
[BlackFideId "2400111"]
[EventDate "2022.12.12"]

1. Nf3 d5 2. g3 Nc6 3. d4 Bf5 4. Bg2 e6 5. O-O Nb4 6. Na3 Be7 7. c3 Nc6 8. c4
Bxa3 9. bxa3 h6 10. Qb3 Rb8 11. cxd5 exd5 12. Ne5 Nge7 13. Nxc6 bxc6 14. Qa4 O-O
15. Qxa7 Qd7 16. Bd2 Ra8 17. Qc5 Rfb8 18. Bb4 Ng6 19. Rac1 Rb6 20. Qc3 Nf8 21.
Rfe1 Ne6 22. f3 Bg6 23. Qd2 f5 24. Rc3 Ng5 25. Rec1 Nf7 26. Qc2 Raa6 27. e3 Nd6
28. Bf1 Nc4 29. Rxc4 dxc4 30. Bxc4+ Kh7 31. Bxa6 Rxa6 32. Qc5 Qe6 33. Qe5 Qxe5
34. dxe5 Bf7 35. Kf2 Bd5 36. h3 Kg8 37. g4 g6 38. gxf5 gxf5 39. Kg3 Bxa2 40. Rd1
Bd5 41. Kf4 Ra8 42. Kxf5 Kf7 43. e4 Be6+ 44. Kf4 Rg8 45. h4 Rg2 46. Ra1 Rc2 47.
Ba5 c5 48. Bxc7 c4 49. Ba5 Rh2 50. Be1 Rh1 51. a4 Bc8 52. a5 Ba6 53. Kg3 Rg1+
54. Kf2 Rg8 55. Rb1 1-0

[Event "9th Sunway Sitges 2022"]
[Site "Sitges ESP"]
[Date "2022.12.13"]
[Round "2.58"]
[White "Bach, Matthias"]
[Black "Gholami Orimi, Mahdi"]
[Result "0-1"]
[WhiteTitle "FM"]
[BlackTitle "IM"]
[WhiteElo "2208"]
[BlackElo "2415"]
[WhiteFideId "4603168"]
[BlackFideId "12558486"]
[EventDate "2022.12.12"]

1. d4 Nf6 2. c4 e6 3. Nf3 d5 4. g3 Bb4+ 5. Bd2 Be7 6. Bg2 O-O 7. O-O Nbd7 8. Qc2
Ne4 9. Nc3 Nxd2 10. Nxd2 c6 11. e4 dxc4 12. Nxc4 b5 13. Ne3 Rb8 14. Rfd1 c5 15.
Ne2 Qb6 16. a4 a6 17. a5 Qa7 18. d5 Ne5 19. Nf4 Bg5 20. b3 Bd7 21. Qe2 Rbc8 22.
Qh5 Bf6 23. Rac1 c4 24. bxc4 bxc4 25. dxe6 fxe6 26. Bh3 Rc6 27. Ng4 Nxg4 28.
Bxg4 Bc8 29. Rc2 Qc7 30. Qh3 Qe5 31. Nh5 Be7 32. Qg2 Rc7 33. Nf4 g5 34. Nh3 c3
35. f3 Rd8 36. Rxd8+ Bxd8 37. Qe2 Qd4+ 38. Kg2 Rb7 39. Qxa6 Rb2 40. Qe2 Ba6 41.
Qxa6 Rxc2+ 42. Kh1 Qd1+ 43. Ng1 Rc1 0-1

[Event "9th Sunway Sitges 2022"]
[Site "Sitges ESP"]
[Date "2022.12.13"]
[Round "2.59"]
[White "Levi, Netanel"]
[Black "Bai, Adelard"]
[Result "0-1"]
[BlackTitle "FM"]
[WhiteElo "2179"]
[BlackElo "2411"]
[WhiteFideId "2815400"]
[BlackFideId "16301188"]
[EventDate "2022.12.12"]

1. e4 e5 2. Nf3 Nc6 3. Bc4 Nf6 4. d3 h6 5. O-O d6 6. a4 g5 7. c3 Bg7 8. b4 O-O
9. Qc2 d5 10. exd5 Nxd5 11. b5 Na5 12. Ba2 Bg4 13. Nbd2 Re8 14. h3 Bh5 15. Re1
Nf4 16. Re3 Qd7 17. Ne4 Rad8 18. Nc5 Qf5 19. Ne1 Bg6 20. Ba3 b6 21. Bb4 bxc5 22.
Bxa5 Re7 23. Rd1 Kh7 24. Rd2 Red7 25. Bc4 Qf6 26. Nf3 Qf5 27. Ne1 Kh8 28. Qb3 h5
29. Qa3 Bf8 30. Nf3 f6 31. Qb3 Bh7 32. Ne1 g4 33. hxg4 hxg4 34. Rg3 Bh6 35. Nc2
Qg5 36. Ne3 f5 37. Ra2 Nh5 38. Nf1 Nxg3 39. fxg3 f4 40. Be6 Re7 41. Bd5 fxg3 42.
c4 Rf8 43. Qd1 Qe3+ 44. Kh1 Rf5 45. Nxe3 Bxe3 46. Rf2 Rh5+ 47. Kg1 gxf2+ 0-1

[Event "9th Sunway Sitges 2022"]
[Site "Sitges ESP"]
[Date "2022.12.13"]
[Round "2.60"]
[White "Willow, Jonah B"]
[Black "Sai Agni Jeevitesh, J"]
[Result "1/2-1/2"]
[WhiteTitle "IM"]
[BlackTitle "IM"]
[WhiteElo "2409"]
[BlackElo "2226"]
[WhiteFideId "438804"]
[BlackFideId "5070147"]
[EventDate "2022.12.12"]

1. e4 e5 2. Nf3 Nc6 3. Bb5 a6 4. Ba4 Nge7 5. c3 Ng6 6. d4 exd4 7. cxd4 Bb4+ 8.
Nc3 d5 9. exd5 Qxd5 10. Qe2+ Qe6 11. d5 Bxc3+ 12. bxc3 Qxe2+ 13. Kxe2 b5 14.
dxc6 bxa4 15. Nd4 O-O 16. f3 Be6 17. Kf2 Bc4 18. Ba3 Rfe8 19. Rhb1 Nf4 20. Rb7
Nd5 21. Bc5 g6 22. a3 a5 23. Re1 Rec8 24. g3 Ba6 25. Rc1 Bc4 26. Nb5 Ra6 27. Bd4
Bxb5 28. Rxb5 Ne7 29. g4 Nxc6 30. g5 Nxd4 31. cxd4 Rd6 32. d5 Rcd8 33. Rcc5 Rb6
34. Rxa5 Rb2+ 35. Kg3 Rd2 36. h4 Kg7 37. Rxc7 R2xd5 38. Rxa4 Rf5 39. Rcc4 h6 40.
gxh6+ Kxh6 41. Rf4 Rxf4 42. Kxf4 f6 43. Ra6 Rd4+ 44. Kg3 Kh5 45. Ra8 g5 46. hxg5
Kxg5 47. a4 Rb4 48. Rg8+ Kf5 49. Rg4 Rb1 50. Rc4 Rg1+ 51. Kf2 Ra1 52. Rb4 Ke5
53. Kg3 Rg1+ 54. Kh4 Rh1+ 55. Kg4 Rg1+ 56. Kh3 Rh1+ 57. Kg2 Ra1 58. Re4+ Kf5 1/2-1/2

[Event "9th Sunway Sitges 2022"]
[Site "Sitges ESP"]
[Date "2022.12.13"]
[Round "2.61"]
[White "Bilych, Olexiy"]
[Black "Dahale, Atul"]
[Result "1-0"]
[WhiteTitle "FM"]
[BlackTitle "CM"]
[WhiteElo "2401"]
[BlackElo "2222"]
[WhiteFideId "14156504"]
[BlackFideId "5037794"]
[EventDate "2022.12.12"]

1. e4 c5 2. Nf3 d6 3. d4 cxd4 4. Nxd4 Nf6 5. Nc3 a6 6. a4 e5 7. Nf3 Be7 8. Bg5
Be6 9. Bxf6 Bxf6 10. Nd5 Nd7 11. Bc4 Rc8 12. b3 O-O 13. O-O Nb6 14. Nxf6+ Qxf6
15. Bxe6 Qxe6 16. Nd2 f5 17. c4 Nd7 18. exf5 Rxf5 19. Ne4 Rc6 20. Ra2 Nc5 21.
Nxc5 dxc5 22. Rd2 h6 23. Re1 e4 24. Re3 Qg6 25. h4 Re6 26. Rd7 Qf6 27. Rg3 Re7
28. Rxe7 Qxe7 29. Qg4 Qf6 30. Qxe4 Rxf2 31. Rg6 Rf1+ 32. Kh2 Qf2 33. Re6 Qf4+
34. Qxf4 Rxf4 35. Kg3 Rf7 36. Kg4 Rd7 37. Rb6 Rf7 38. g3 Kh7 39. Rd6 Kg8 40. a5
Rf2 41. Rd7 Ra2 42. Rxb7 Rxa5 43. Kf5 Kh7 44. Ke5 Ra2 45. Kd5 Rg2 46. Kxc5 Rxg3
47. b4 Rg4 48. Rb6 Rxh4 49. Rxa6 g5 50. b5 g4 51. b6 g3 52. b7 g2 53. Ra1 Rh1
54. b8=Q 1-0

[Event "9th Sunway Sitges 2022"]
[Site "Sitges ESP"]
[Date "2022.12.13"]
[Round "2.62"]
[White "Arvind Ramnath Iyer"]
[Black "Tahay, Alexis"]
[Result "0-1"]
[BlackTitle "IM"]
[WhiteElo "1834"]
[BlackElo "2400"]
[WhiteFideId "5062160"]
[BlackFideId "26090961"]
[EventDate "2022.12.12"]

1. e4 c5 2. Nf3 d6 3. d4 cxd4 4. Nxd4 Nf6 5. Nc3 Nc6 6. Bg5 e6 7. Qd2 Qb6 8. Nb3
a6 9. O-O-O Be7 10. f4 O-O 11. Be2 Rd8 12. g4 d5 13. Bxf6 dxe4 14. Bd4 Nxd4 15.
Nxd4 Bf6 16. Na4 Qxd4 17. Qxd4 Bxd4 18. Kb1 Rd7 19. c4 b6 20. b4 Rb8 21. Kc2 Bf6
22. Nc3 Be7 23. Rxd7 Bxd7 24. Rd1 Be8 25. b5 axb5 26. Nxb5 Ra8 27. Kb1 Bc6 28.
Nd4 Ba4 29. Nb3 g6 30. g5 Rd8 31. Rxd8+ Bxd8 32. c5 Bxb3 33. axb3 bxc5 34. Kc2
Bc7 0-1

[Event "9th Sunway Sitges 2022"]
[Site "Sitges ESP"]
[Date "2022.12.13"]
[Round "2.63"]
[White "Abdurakhmonov, Mukhammadali"]
[Black "Harshad, S"]
[Result "1-0"]
[WhiteTitle "IM"]
[BlackTitle "FM"]
[WhiteElo "2397"]
[BlackElo "2202"]
[WhiteFideId "14207346"]
[BlackFideId "46616551"]
[EventDate "2022.12.12"]

1. d4 Nf6 2. Nf3 d5 3. c4 e6 4. Qc2 dxc4 5. Qxc4 a6 6. Bg5 Nbd7 7. a4 c5 8. e3
Qa5+ 9. Qc3 Qxc3+ 10. bxc3 h6 11. Bh4 g5 12. Bg3 Ne4 13. Bd3 Nxg3 14. hxg3 Bg7
15. a5 Ke7 16. g4 Rd8 17. Ra2 e5 18. dxe5 Nxe5 19. Nxe5 Bxe5 20. Bf5 Rd6 21. Rb2
b5 22. axb6 Bxf5 23. gxf5 Rb8 24. b7 Rd7 25. Ke2 c4 26. Rxh6 Rdxb7 27. Rxb7+
Rxb7 28. Na3 Rb2+ 29. Kf1 Bxc3 30. Nxc4 Ra2 31. Nb6 Be5 32. Nd5+ Kd7 33. Nb4
Ra1+ 34. Ke2 a5 35. Nd3 Bd6 36. e4 Ra2+ 37. Ke3 a4 38. e5 Be7 39. Ra6 a3 40.
Ra7+ Ke8 41. Ra8+ Kd7 42. f6 Bd8 43. Nc5+ Kc7 44. e6 Bxf6 45. exf7 Be7 46. Ra7+ 1-0

[Event "9th Sunway Sitges 2022"]
[Site "Sitges ESP"]
[Date "2022.12.13"]
[Round "2.64"]
[White "Krassel, Timofei"]
[Black "Bournel, Antoine"]
[Result "0-1"]
[BlackTitle "IM"]
[WhiteElo "1787"]
[BlackElo "2392"]
[WhiteFideId "55733948"]
[BlackFideId "26093553"]
[EventDate "2022.12.12"]

1. c4 e5 2. Nc3 Bb4 3. Nd5 Be7 4. d4 d6 5. g3 Nf6 6. Nxe7 Qxe7 7. Bg2 O-O 8. Bg5
h6 9. Bxf6 Qxf6 10. e3 Nc6 11. d5 Nb8 12. h3 Nd7 13. Ne2 a5 14. O-O Qg6 15. f4
Nc5 16. Kh2 Re8 17. Nc3 Bf5 18. Re1 Bd3 19. b3 Re7 20. Qf3 Rae8 21. f5 Bxf5 22.
e4 Bd7 23. g4 Rb8 24. Bf1 Qg5 25. Kg3 h5 26. Qe3 Qxe3+ 27. Rxe3 hxg4 28. hxg4 g6
29. g5 Kg7 30. Bh3 Bxh3 31. Kxh3 Rh8+ 32. Kg4 Rh2 33. Ne2 Re8 34. Ng3 Reh8 35.
Ree1 R8h4+ 36. Kf3 Rf4+ 37. Ke3 Rh3 0-1

[Event "9th Sunway Sitges 2022"]
[Site "Sitges ESP"]
[Date "2022.12.13"]
[Round "2.65"]
[White "Dionisi, Thomas"]
[Black "Vignesh, B"]
[Result "1-0"]
[WhiteTitle "IM"]
[WhiteElo "2390"]
[BlackElo "2032"]
[WhiteFideId "651893"]
[BlackFideId "35051555"]
[EventDate "2022.12.12"]

1. e4 e5 2. Nf3 Nc6 3. Bb5 a6 4. Ba4 Nf6 5. d3 b5 6. Bb3 Bc5 7. Nc3 d6 8. Nd5 h6
9. c3 O-O 10. Nxf6+ Qxf6 11. Bd5 Bb7 12. g4 Kh8 13. g5 Qg6 14. Nh4 Qh7 15. gxh6
g6 16. Rg1 Rab8 17. Qf3 Qg8 18. Qf6+ Kh7 19. Nf3 Qh8 20. Ng5+ 1-0

[Event "9th Sunway Sitges 2022"]
[Site "Sitges ESP"]
[Date "2022.12.13"]
[Round "2.66"]
[White "Saravanan, Durga"]
[Black "Salimova, Nurgyul"]
[Result "0-1"]
[BlackTitle "IM"]
[WhiteElo "1784"]
[BlackElo "2390"]
[WhiteFideId "35068601"]
[BlackFideId "2915138"]
[EventDate "2022.12.12"]

1. d4 Nf6 2. c4 e6 3. Nc3 Bb4 4. e3 O-O 5. Bd3 d5 6. Nf3 dxc4 7. Bxc4 c5 8. O-O
Nc6 9. a3 Ba5 10. dxc5 Bxc3 11. bxc3 Qa5 12. Qc2 Qxc5 13. Bd3 Rd8 14. Bb2 e5 15.
Bf5 Qc4 16. Bxc8 Raxc8 17. Nd2 Qd3 18. Qxd3 Rxd3 19. Nb3 Rcd8 20. Rfc1 Ne4 21.
Kf1 Nd6 22. Rab1 Nc4 23. a4 b6 24. Ke1 R3d6 25. Ba1 e4 26. Rd1 N6e5 27. Rxd6
Rxd6 28. Nd4 Rg6 29. g3 Rf6 30. Ke2 Ng4 31. Rf1 Nxh2 32. Rh1 Ng4 33. Rf1 h5 34.
Nb3 g5 35. Ke1 Rf5 36. Ke2 Kf8 37. Ke1 h4 38. gxh4 gxh4 39. Ke2 h3 40. Nd4 Ra5
41. Rb1 Rxa4 42. Nf5 Ra2+ 43. Ke1 Nd2 44. Rb2 Nf3+ 45. Ke2 Rxa1 46. Ng3 Re1# 0-1

[Event "9th Sunway Sitges 2022"]
[Site "Sitges ESP"]
[Date "2022.12.13"]
[Round "2.67"]
[White "Sattarov, Bobir"]
[Black "Mompel Ferruz, Xavier"]
[Result "1-0"]
[WhiteTitle "IM"]
[WhiteElo "2389"]
[BlackElo "1953"]
[WhiteFideId "14203081"]
[BlackFideId "54585775"]
[EventDate "2022.12.12"]

1. e4 c5 2. Nf3 e6 3. d4 cxd4 4. Nxd4 Nc6 5. Bf4 Qf6 6. Be3 Bc5 7. Nb5 Bxe3 8.
fxe3 Kf8 9. N1c3 Nge7 10. Qd2 Qe5 11. O-O-O g6 12. Be2 d5 13. Rdf1 a6 14. Nd4
dxe4 15. h4 h5 16. Nxc6 Nxc6 17. Rf4 Kg7 18. g4 Rd8 19. Qe1 hxg4 20. Rxg4 Ne7
21. h5 Bd7 22. Qf2 Bc6 23. hxg6 Nxg6 24. Rhg1 Rh8 25. Rg5 Qh2 26. Qe1 Qh4 27.
Qf1 Rh6 28. Bc4 b5 29. Bb3 b4 30. Qc4 bxc3 31. Qxc3+ Kh7 32. Qxc6 Rd8 33. R5g2
Qh3 34. Re2 Qf3 35. Ree1 Rh2 36. Bxe6 Rdd2 37. Bb3 Ne5 38. Qc8 Qf6 39. Qc3 a5
40. Rh1 Rg2 41. Rxh2+ Rxh2 42. a3 Rh3 43. Kb1 Qg7 44. Qxa5 Qg3 45. Rf1 Qg2 46.
Rd1 Qe2 47. Qd5 Rh4 48. Ka2 Qf3 49. Qxe5 Qxd1 50. Qf5+ Kh6 51. Qf6+ Kh5 52.
Bxf7+ Kg4 53. Be6+ Kh5 54. Qh8+ Kg5 55. Qg7+ 1-0

[Event "9th Sunway Sitges 2022"]
[Site "Sitges ESP"]
[Date "2022.12.13"]
[Round "2.68"]
[White "Schulze, Tim"]
[Black "Carbonell Sancho, Marc"]
[Result "0-1"]
[BlackTitle "FM"]
[WhiteElo "1710"]
[BlackElo "2384"]
[WhiteFideId "16258177"]
[BlackFideId "32029969"]
[EventDate "2022.12.12"]

1. d4 d6 2. Nf3 Nf6 3. c4 g6 4. Nc3 Bg7 5. e4 O-O 6. Be2 Nbd7 7. O-O e5 8. Be3
exd4 9. Nxd4 Re8 10. f3 c6 11. Qd2 Qe7 12. Bf2 Qf8 13. Rfe1 Bh6 14. Qd1 Bg5 15.
Bf1 h5 16. b4 h4 17. b5 Ne5 18. bxc6 bxc6 19. c5 dxc5 20. Nde2 Rd8 21. Qa4 Nd3
22. f4 Ng4 23. fxg5 Ngxf2 24. Reb1 Qe7 25. g3 Qxg5 26. e5 hxg3 27. Nxg3 Qe3 28.
Bxd3 Ng4+ 29. Kh1 Qf3+ 30. Kg1 Qf2+ 0-1

[Event "9th Sunway Sitges 2022"]
[Site "Sitges ESP"]
[Date "2022.12.13"]
[Round "2.69"]
[White "Rendle, Thomas E"]
[Black "Kushal O"]
[Result "0-1"]
[WhiteTitle "IM"]
[WhiteElo "2381"]
[BlackElo "1801"]
[WhiteFideId "408760"]
[BlackFideId "25652753"]
[EventDate "2022.12.12"]

1. d4 Nf6 2. c4 g6 3. g3 Bg7 4. Bg2 O-O 5. Nc3 d6 6. Nf3 c6 7. e4 Bg4 8. Be3
Nfd7 9. Qb3 Bxf3 10. Bxf3 Qb6 11. Rd1 Qxb3 12. axb3 Na6 13. O-O Nb4 14. Rd2 c5
15. Nd5 Nxd5 16. exd5 cxd4 17. Bxd4 Bxd4 18. Rxd4 a5 19. Re1 Rfe8 20. Rde4 Kf8
21. R4e3 Nc5 22. h4 Ra6 23. Ra1 Rb6 24. Rxa5 Nxb3 25. Rb5 Rxb5 26. cxb5 Nd4 27.
Kg2 Rc8 28. b6 Rc5 29. Be4 Rb5 30. Rd3 Nb3 31. Bf3 Rxb6 32. Bd1 Nc5 33. Rd2 Rb4
34. h5 Kg7 35. b3 Re4 36. Bc2 Rb4 37. Bd1 g5 38. Re2 Re4 39. Rd2 h6 40. Bc2 Re5
41. Kf3 Nd7 42. Rd4 b6 43. b4 Nf6 44. Bb3 Nxh5 45. Ba4 Nf6 46. Bc6 g4+ 47. Kg2
Re2 48. Kf1 Re4 49. Rd3 Rxb4 50. Re3 Re4 51. Rb3 Re5 52. Rb5 e6 53. Rxb6 Nxd5
54. Rb7 Nf6 0-1